| 000 | 00314 a2200133 4500 | ||
|---|---|---|---|
| 999 |
_c320470 _d320470 |
||
| 001 | 85397 | ||
| 003 | NUST | ||
| 005 | 20180119193733.0 | ||
| 008 | 180119b xxu||||| |||| 00| 0 eng d | ||
| 082 | _a891.4397 HUS | ||
| 100 |
_aAshfaq Hussain _99148 |
||
| 245 | _aGentleman -Allah Allah | ||
| 250 | _a21 | ||
| 260 |
_aLahore _bIdara matboaat-e-sulemani _c2012 |
||
| 300 | _a223p. | ||
| 942 |
_aNUST-CAE _cBK _k891.4397 HUS _2ddc |
||